Eastern Utah Libraries Catalog: Duchesne, Heber, Roosevelt, & Vernal

Richard Scarry's splish-splash sounds. (Record no. 254230)

MARC details
000 -LEADER
fixed length control field 01197nam a22003251a 4500
001 - CONTROL NUMBER
control field 85081570 /AC
005 - DATE AND TIME OF LATEST TRANSACTION
control field 20200320175109.0
008 - FIXED-LENGTH DATA ELEMENTS--GENERAL INFORMATION
fixed length control field 850912s1986 nyua j 00010 eng
010 ## - LIBRARY OF CONGRESS CONTROL NUMBER
LC control number 85081570 /AC
020 ## - INTERNATIONAL STANDARD BOOK NUMBER
International Standard Book Number 0307119262 (pbk.) :
Terms of availability $1.50
020 ## - INTERNATIONAL STANDARD BOOK NUMBER
International Standard Book Number 0307619265 (lib. bdg.)
035 ## - SYSTEM CONTROL NUMBER
System control number ()4872
050 0# - LIBRARY OF CONGRESS CALL NUMBER
Classification number PE1597
Item number .S27 1986
082 0# - DEWEY DECIMAL CLASSIFICATION NUMBER
Classification number 428.1
Edition number 19
100 1# - MAIN ENTRY--PERSONAL NAME
Personal name Scarry, Richard.
9 (RLIN) 7389
240 10 - UNIFORM TITLE
Uniform title <a href="Splish-splash sounds">Splish-splash sounds</a>
245 10 - TITLE STATEMENT
Title Richard Scarry's splish-splash sounds.
260 ## - PUBLICATION, DISTRIBUTION, ETC. (IMPRINT)
Place of publication, distribution, etc New York :
Name of publisher, distributor, etc Golden Book ;
Place of publication, distribution, etc Racine, Wis. :
Name of publisher, distributor, etc Western Pub. Co.,
Date of publication, distribution, etc c1986.
300 ## - PHYSICAL DESCRIPTION
Extent [24] p. :
Other physical details col. ill. ;
Dimensions 21 cm.
490 0# - SERIES STATEMENT
Series statement A Golden look-look book
520 ## - SUMMARY, ETC.
Summary, etc Brief text and labeled illustrations introduce sounds associated with different machines, animals, people, and activities.
650 #0 - SUBJECT ADDED ENTRY--TOPICAL TERM
Topical term or geographic name as entry element English language
General subdivision Onomatopoeic words.
9 (RLIN) 83379
650 #0 - SUBJECT ADDED ENTRY--TOPICAL TERM
Topical term or geographic name as entry element Sounds, Words for.
9 (RLIN) 91834
650 #1 - SUBJECT ADDED ENTRY--TOPICAL TERM
Topical term or geographic name as entry element Sound.
9 (RLIN) 91823
740 0# - ADDED ENTRY--UNCONTROLLED RELATED/ANALYTICAL TITLE
Uncontrolled related/analytical title Splish-splash sounds.
942 ## - ADDED ENTRY ELEMENTS (KOHA)
Koha item type BOOK
948 ## - LOCAL PROCESSING INFORMATION (OCLC); SERIES PART DESIGNATOR (RLIN)
Series part designator, SPT (RLIN) 05/11/2004
z (OCLC) Sirsi
949 10 - LOCAL PROCESSING INFORMATION (OCLC)
b 34301000104085
c E
d SCA
p 639
m WCL
n WCL
t BK
996 ## -
-- 4872
-- 34301000104085
-- E
-- BK
-- WCL
-- i
-- 56
-- 6.39
-- Sca
-- 03/18/1999
-- 01/03/2019
-- 12/11/2018
Holdings
Withdrawn status Lost status Source of classification or shelving scheme Damaged status Not for loan Collection code Home library Current library Shelving location Date acquired Cost, normal purchase price Total Checkouts Total Renewals Full call number Barcode Date last seen Date checked out Cost, replacement price Price effective from Koha item type
    Dewey Decimal Classification     Children Picture Books Wasatch County Library Wasatch County Library Main Floor Childrens Area 03/18/1999 6.39 73 12 E Sca 34301000104085 03/02/2026 01/31/2026 6.39 03/20/2020 BOOK
This project was made possible through a grant from the Institute of Museum and Library Service administered by the Utah State Library Division.

Wasatch County Library

  • 465 East 1200 South, Heber City, Utah 84032
  • Phone 435-654-1511 | Fax 435-654-6456

Hours

  • Monday - Friday 9:30 AM - 8:00 PM
  • Saturday 9:30 AM - 1:30 PM
  • Closed Sundays and Holidays